| 000 | 00757nam a2200265 i 4500 | ||
|---|---|---|---|
| 001 | bg | ||
| 100 | 1 | _aPATCHETT, Craig | |
| 245 | 1 | 0 |
_aCGI/Perl : _bksiążka kucharska / _cCraig Patchett, Matthew Wright ; [tł. Michał Mosiewicz, Jerzy Hodor]. |
| 246 |
_iTyt. oryg.: _aCGI/Perl Cookbook |
||
| 260 |
_aGliwice : _bHelion, _ccop. 1999. |
||
| 300 |
_a526 s. ; _c25 cm + _eCD-ROM. |
||
| 500 | _aOryg.: "CGI/Perl Cookbook" 1998. | ||
| 504 | _aIndeks. | ||
| 650 | 9 | _aCGI | |
| 650 | 9 |
_aStrony WWW _xprogramowanie |
|
| 655 | _aPodręczniki | ||
| 700 | 1 | _aWRIGHT, Matthew | |
| 020 | _a8371970617 | ||
| 040 | _cBPK | ||
| 041 | 1 | _apl | |
| 080 | _a004.738.52(07) | ||
| 920 | _a83-7197-061-7 | ||
| 942 | _cKS | ||
| 008 | s pl f |000 0 pol | ||
| 999 |
_c34709 _d34709 |
||
| 856 |
_uhttp://koha.tu.koszalin.pl/cgi-bin/koha/opac-detail.pl?biblionumber=34709 _yKatalog online BPK |
||